书目信息 |
| 题名: |
现代学校艺术体操
|
|
| 作者: | 李卫东 编著 | |
| 分册: | ||
| 出版信息: | 武汉 湖北科学技术出版社 2007 |
|
| 页数: | 230页 | |
| 开本: | 23cm | |
| 丛书名: | ||
| 单 册: | ||
| 中图分类: | G834.02 | |
| 科图分类: | ||
| 主题词: | 艺术体操--教学研究 , 艺术体操 , 教学研究 | |
| 电子资源: | ||
| ISBN: | 978-7-5352-3862-7 | |
| 000 | 00896nam0 2200253 45 | |
| 001 | 1130681765 | |
| 005 | 20110310094145.40 | |
| 010 | @a978-7-5352-3862-7@dCNY25.00 | |
| 100 | @a20110122d2007 em y0chiy50 ea | |
| 101 | 0 | @achi |
| 102 | @aCN@b420000 | |
| 105 | @aa z 000yy | |
| 106 | @ar | |
| 200 | 1 | @a现代学校艺术体操@AXian Dai Xue Xiao Yi Shu Ti Cao@f李卫东编著@FLi Wei Dong Bian Zhu |
| 210 | @a武汉@c湖北科学技术出版社@d2007 | |
| 215 | @a230页@c图@d23cm | |
| 330 | @a本书尝试从“学校艺术体操”新视野出发,在吸纳欧美先进教育理念基础上,结合新世纪我国学校体育教育的基本要求,就学校领域内开展艺术体操活动的新思维、新认识、新方法等进行了分析和探讨。 | |
| 606 | 0 | @a艺术体操@x教学研究 |
| 606 | 0 | @a艺术体操 |
| 606 | 0 | @a教学研究 |
| 690 | @aG834.02@v4 | |
| 701 | 0 | @a李卫东@ALi Wei Dong@c(女,@f1962~)@4编著 |
| 801 | 0 | @aCN@bTANGWEI@c20110310 |
| 905 | @b0531212-16@dG834.02@e108@f5 | |
| 现代学校艺术体操/李卫东编著.-武汉:湖北科学技术出版社,2007 |
| 230页:图;23cm |
| ISBN 978-7-5352-3862-7:CNY25.00 |
| 本书尝试从“学校艺术体操”新视野出发,在吸纳欧美先进教育理念基础上,结合新世纪我国学校体育教育的基本要求,就学校领域内开展艺术体操活动的新思维、新认识、新方法等进行了分析和探讨。 |
| ● |
| 相关链接 |
|
|
|
|
正题名:现代学校艺术体操
索取号:G834.02/108
 
预约/预借
| 序号 | 登录号 | 条形码 | 馆藏地/架位号 | 状态 | 备注 |
| 1 | 0531212 | 205312124 | 第一样本阅览室/ [索取号:G834.02/108] | 在馆 | |
| 2 | 0531213 | 205312133 | 第四借阅区/ [索取号:G834.02/108] | 在馆 | |
| 3 | 0531214 | 205312142 | 第四借阅区/ [索取号:G834.02/108] | 在馆 | |
| 4 | 0531215 | 205312151 | 第四借阅区/ [索取号:G834.02/108] | 在馆 | |
| 5 | 0531216 | 205312160 | 密集书库-体育系/ [索取号:G834.02/108] | 在馆 |